Managing for high performence : (Record no. 127247)

MARC details
000 -LEADER
fixed length control field 00770nam a22002417a 4500
005 - DATE AND TIME OF LATEST TRANSACTION
control field 20170124110022.0
010 ## - LIBRARY OF CONGRESS CONTROL NUMBER
LC control number A-822616
020 ## - INTERNATIONAL STANDARD BOOK NUMBER
Terms of availability 00.00
International Standard Book Number 8173590915
035 ## - SYSTEM CONTROL NUMBER
System control number A-822616
037 ## - SOURCE OF ACQUISITION
Source of stock number/acquisition Cen Lib/Ret
040 ## - CATALOGING SOURCE
Original cataloging agency DPL
Language of cataloging EN
082 ## - DEWEY DECIMAL CLASSIFICATION NUMBER
Classification number 658.4013
Item number MOO
100 ## - MAIN ENTRY--PERSONAL NAME
Personal name Moores, Roger
9 (RLIN) 19900
245 ## - TITLE STATEMENT
Title Managing for high performence :
Remainder of title a practical guide /
Statement of responsibility, etc by Roger Moores
260 ## - PUBLICATION, DISTRIBUTION, ETC. (IMPRINT)
Place of publication, distribution, etc New Delhi
Name of publisher, distributor, etc Sterling Publishers Private Limited
Date of publication, distribution, etc 1996
270 ## - ADDRESS
Address L-10, Green Park
City New Delhi
Postal code 110016
300 ## - PHYSICAL DESCRIPTION
Extent vi,153p. :
Other physical details 20cm(Hb)
Dimensions ill.
490 ## - SERIES STATEMENT
Series statement SIT Management Series
500 ## - GENERAL NOTE
General note Includes bibliographical references.
650 ## - SUBJECT ADDED ENTRY--TOPICAL TERM
Topical term or geographic name as entry element Management
9 (RLIN) 3072
650 ## - SUBJECT ADDED ENTRY--TOPICAL TERM
Topical term or geographic name as entry element General management
9 (RLIN) 16441
942 ## - ADDED ENTRY ELEMENTS (KOHA)
Source of classification or shelving scheme Dewey Decimal Classification
Koha item type English Books
Classification part 658.4013
Call number suffix MOO
Holdings
Withdrawn status Lost status Damaged status Not for loan Home library Current library Date acquired Source of acquisition Cost, normal purchase price Total Checkouts Full call number Barcode Date last seen Copy number Cost, replacement price Price effective from Koha item type Public note
Written off       Central Library Central Library 29/06/2015 Cen Lib/Ret 0.00   658.4013 MOO A-822616 29/06/2015 1 0.00 29/06/2015 English Books Written off on approval by DLB (By Circulation); dtd 15-06-2023

© Delhi Public Library
Hit Counter
free hit counter